STUDIES ON STRATEGIC DEVELOPMENT AND BIOLOGICAL ACTIVITY OF SOME N-HETEROCYCLES (Record no. 33251)
[ view plain ]
| 000 -LEADER | |
|---|---|
| fixed length control field | 00336nam a22001337a 4500 |
| 003 - CONTROL NUMBER IDENTIFIER | |
| control field | SGT |
| 082 ## - DEWEY DECIMAL CLASSIFICATION NUMBER | |
| Classification number | 658.4 |
| Item number | KEE |
| 100 ## - MAIN ENTRY--PERSONAL NAME | |
| Personal name | KEERTIKA |
| 245 ## - TITLE STATEMENT | |
| Title | STUDIES ON STRATEGIC DEVELOPMENT AND BIOLOGICAL ACTIVITY OF SOME N-HETEROCYCLES |
| 260 ## - PUBLICATION, DISTRIBUTION, ETC. (IMPRINT) | |
| Place of publication, distribution, etc | SGT UNIVERSITY |
| Name of publisher, distributor, etc | FABS |
| Year of Publication | 2025 |
| 300 ## - PAGE DESCRIPTION | |
| No. of Pages | 244 |
| 650 ## - SUBJECT ADDED ENTRY--TOPICAL TERM | |
| Topical term or geographic name as entry element | CHEMISTRY |
| 942 ## - ADDED ENTRY ELEMENTS (KOHA) | |
| Source of classification or shelving scheme | Dewey Decimal Classification |
| Koha item type | Thesis/Dissertation |
| Withdrawn status | Lost status | Source of classification or shelving scheme | Damaged status | Not for loan | Collection code | Home library | Current library | Date acquired | Total Checkouts | Full call number | Accession No. (Barcode) | Date last seen | Bill Date | Koha item type |
|---|---|---|---|---|---|---|---|---|---|---|---|---|---|---|
| Dewey Decimal Classification | Not For Loan | SCIENCE | SGT Science & Social Sciences Library | SGT Science & Social Sciences Library | 01/01/2026 | 658.4 KEE | DT2503 | 01/01/2026 | 01/01/2026 | Thesis/Dissertation |